Statistics for Pokemon Generation 5

Click here to take the quiz!

General Stats

  • This quiz has been taken 113 times
  • The average score is 89 of 156

Answer Stats

Nat Dex No.TypeAnswer% Correct
500Fire/FightingEmboar
93%
501WaterOshawott
93%
495GrassSnivy
93%
494Psychic/FireVictini
93%
503WaterSamurott
91%
496GrassServine
91%
498FireTepig
91%
502WaterDewott
89%
497GrassSerperior
89%
499Fire/FightingPignite
83%
507NormalHerdier
81%
511GrassPansage
81%
519Normal/FlyingPidove
81%
520Normal/FlyingTranquil
81%
506NormalLillipup
80%
504NormalPatrat
80%
512GrassSimisage
80%
521Normal/FlyingUnfezant
80%
525RockBoldore
78%
515WaterPanpour
78%
513FirePansear
78%
516WaterSimipour
78%
508NormalStoutland
78%
523ElectricZebstrika
78%
526RockGigalith
76%
524RockRoggenrola
76%
514FireSimisear
76%
530Ground/SteelExcadrill
74%
509DarkPurrloin
74%
505NormalWatchog
74%
510DarkLiepard
72%
539FightingSawk
70%
522ElectricBlitzle
69%
529GroundDrilbur
69%
538FightingThroh
69%
587Electric/FlyingEmolga
65%
542Bug/GrassLeavanny
65%
532FightingTimburr
65%
574PsychicGothita
63%
518PsychicMusharna
63%
536Water/GroundPalpitoad
63%
643Dragon/FireReshiram
63%
559Dark/FightingScraggy
63%
537Water/GroundSeismitoad
63%
535WaterTympole
63%
527Psychic/FlyingWoobat
63%
567Rock/FlyingArcheops
61%
534FightingConkeldurr
61%
546Grass/FairyCottonee
61%
558Bug/RockCrustle
61%
576PsychicGothitelle
61%
553Ground/DarkKrookodile
61%
540Bug/GrassSewaddle
61%
528Psychic/FlyingSwoobat
61%
547Grass/FairyWhimsicott
61%
610DragonAxew
59%
614IceBeartic
59%
557Bug/RockDwebble
59%
533FightingGurdurr
59%
549GrassLilligant
59%
517PsychicMunna
59%
551Ground/DarkSandile
59%
560Dark/FightingScrafty
59%
541Bug/GrassSwadloon
59%
581Water/FlyingSwanna
59%
582IceVanillite
59%
543Bug/PoisonVenipede
59%
644Dragon/ElectricZekrom
59%
566Rock/FlyingArchen
57%
633Dark/DragonDeino
57%
580Water/FlyingDucklett
57%
635Dark/DragonHydreigon
57%
607Ghost/FireLitwick
57%
545Bug/PoisonScolipede
57%
639Rock/FightingTerrakion
57%
565Water/RockCarracosta
56%
638Steel/FightingCobalion
56%
613IceCubchoo
56%
554FireDarumaka
56%
578PsychicDuosion
56%
598Grass/SteelFerrothorn
56%
612DragonHaxorus
56%
579PsychicReuniclus
56%
544Bug/PoisonWhirlipede
56%
609Ghost/FireChandelure
54%
597Grass/SteelFerroseed
54%
646Dragon/IceKyurem
54%
608Ghost/FireLampent
54%
630Dark/FlyingMandibuzz
54%
561Psychic/FlyingSigilyph
54%
577PsychicSolosis
54%
564Water/RockTirtouga
54%
583IceVanillish
54%
584IceVanilluxe
54%
628Normal/FlyingBraviary
52%
555FireDarmanitan
52%
632Bug/SteelDurant
52%
596Bug/ElectricGalvantula
52%
575PsychicGothorita
52%
631FireHeatmor
52%
595Bug/ElectricJoltik
52%
647Water/FightingKeldeo
52%
645Ground/FlyingLandorus
52%
641FlyingTornadus
52%
637Bug/FireVolcarona
52%
625Dark/SteelBisharp
50%
621DragonDruddigon
50%
592Water/GhostFrillish
50%
649Bug/SteelGenesect
50%
593Water/GhostJellicent
50%
552Ground/DarkKrokorok
50%
636Bug/FireLarvesta
50%
548GrassPetilil
50%
627Normal/FlyingRufflet
50%
586Normal/GrassSawsbuck
50%
634Dark/DragonZweilous
50%
531NormalAudino
48%
615IceCryogonal
48%
585Normal/GrassDeerling
48%
611DragonFraxure
48%
569PoisonGarbodor
48%
568PoisonTrubbish
48%
589Bug/SteelEscavalier
46%
642Electric/FlyingThundurus
46%
622Ground/GhostGolett
44%
623Ground/GhostGolurk
44%
588BugKarrablast
44%
600SteelKlang
44%
648Normal/PsychicMeloetta
44%
602ElectricTynamo
44%
629Dark/FlyingVullaby
44%
562GhostYamask
44%
571DarkZoroark
44%
550WaterBasculin
43%
570DarkZorua
43%
604ElectricEelektross
41%
601SteelKlinklang
41%
624Dark/SteelPawniard
41%
616BugShelmet
41%
617BugAccelgor
39%
563GhostCofagrigus
39%
603ElectricEelektrik
39%
619FightingMienfoo
39%
620FightingMienshao
39%
573NormalCinccino
35%
556GrassMaractus
35%
572NormalMinccino
35%
590Grass/PoisonFoongus
33%
618Ground/ElectricStunfisk
31%
591Grass/PoisonAmoongus
30%
626NormalBouffalant
30%
640Grass/FightingVerizion
28%
606PsychicBeheeyem
22%
594WaterAlomomola
20%
605PsychicElgyem
20%
599SteelKink
13%

Score Distribution

Percentile by Number Answered

Percent of People with Each Score

Your Score History

You have not taken this quiz